[Event "Lansing (Apr)"]
[Site "?"]
[Date "1990.??.??"]
[Round "?"]
[White "Turner, P."]
[Black "Welford, M."]
[Result "1/2-1/2"]
[WhiteElo "1725"]
[BlackElo "1770"]
[PlyCount "138"]
[EventDate "1990.??.??"]

1. e4 c5 2. Nf3 d6 3. d4 cxd4 4. Nxd4 Nf6 5. Nc3 Nc6 6. Bg5 a6 7. Be2 e6 8. Qd2
Be7 9. O-O-O O-O 10. f4 Nxd4 11. Qxd4 e5 12. fxe5 Nd7 13. Bxe7 Qxe7 14. exd6
Qg5+ 15. Kb1 b5 16. Nd5 Bb7 17. h4 Qg3 18. Ne7+ Kh8 19. Nf5 Qe5 20. Qxe5 Nxe5
21. Bf3 Rad8 22. h5 h6 23. Rhf1 Kh7 24. Rf2 Rd7 25. b3 Rfd8 26. Rfd2 g6 27. Ng3
a5 28. Be2 Bc6 29. hxg6+ fxg6 30. Bf3 a4 31. Ne2 g5 32. Ng3 g4 33. Be2 b4 34.
Nh5 Rf7 35. Ng3 a3 36. Bc4 Rf4 37. Nh5 Nxc4 38. bxc4 Rf7 39. e5 Rf5 40. Nf6+
Kg6 41. Nxg4 h5 42. Ne3 Rxe5 43. Nf1 Re4 44. Rd4 Rxd4 45. Rxd4 Bxg2 46. Rd1 h4
47. c5 Bc6 48. Kc1 Kf6 49. Rd4 h3 50. Nh2 Rg8 51. d7 Rg1+ 52. Kd2 Bxd7 53. Rxd7
Rg2+ 54. Kd3 Rxh2 55. Rh7 Ke6 56. c6 Rg2 57. Rxh3 Kd6 58. Rh6+ Kc7 59. Rh4 Kxc6
60. Rxb4 Kc5 61. Re4 Rg3+ 62. Re3 Rg2 63. Kc3 Kd5 64. Kb3 Kd4 65. Rd3+ Kc5 66.
Rc3+ Kd4 67. Rc4+ Kd5 68. c3 Rb2+ 69. Kxa3 Rxa2+ 1/2-1/2

[Event "Detroit (RVO/5)"]
[Site "?"]
[Date "1990.??.??"]
[Round "?"]
[White "Turner, P."]
[Black "Rosebrook, G."]
[Result "1-0"]
[WhiteElo "1795"]
[BlackElo "1605"]
[PlyCount "71"]
[EventDate "1990.??.??"]

1. e4 c5 2. Nf3 e6 3. d4 Nc6 4. d5 exd5 5. exd5 Qe7+ 6. Be2 Ne5 7. O-O Qd6 8.
Nxe5 Qxe5 9. Bf3 Qd6 10. Re1+ Be7 11. Nc3 Kf8 12. Nb5 Qb6 13. Qe2 d6 14. a4 Bd7
15. c4 Qd8 16. Bf4 Bxb5 17. axb5 b6 18. Ra3 Qc7 19. Re3 Re8 20. Bg5 f6 21. Bf4
g6 22. Re6 Qd8 23. Bxd6 h5 24. Bf4 Rh7 25. d6 Qd7 26. dxe7+ Rexe7 27. Bd6 Rhf7
28. Bxe7+ Nxe7 29. Rd1 Qc7 30. Qd2 Kg7 31. Qd6 Qxd6 32. Rexd6 Nf5 33. Rd7 Nd4
34. Rxf7+ Kxf7 35. Bd5+ Kg7 36. Ra1 1-0

[Event "Lansing (Apr)"]
[Site "?"]
[Date "1990.??.??"]
[Round "?"]
[White "Turner, P."]
[Black "June, Brian"]
[Result "0-1"]
[WhiteElo "1725"]
[BlackElo "1700"]
[PlyCount "86"]
[EventDate "1990.??.??"]

1. d4 c6 2. c4 d5 3. Nc3 Nf6 4. Nf3 e6 5. Bg5 Nbd7 6. e3 Qa5 7. Bd3 dxc4 8.
Bxc4 Ne4 9. Bf4 Nxc3 10. bxc3 Qxc3+ 11. Nd2 Bb4 12. Rb1 Qxc4 13. a3 Bxd2+ 14.
Qxd2 Nf6 15. Bd6 Ne4 16. Qb4 Qd3 17. Rb3 Qc2 18. O-O a5 19. Qb6 Nxd6 20. Rfb1
O-O 21. Qc7 Ne4 22. R3b2 Qd3 23. Qf4 Nf6 24. Rb3 Qe4 25. Qd6 b5 26. f3 Qd5 27.
Qf4 Ba6 28. Qg3 c5 29. dxc5 Qxc5 30. Kh1 Rfd8 31. e4 Rac8 32. e5 Nd5 33. f4 Bb7
34. h3 b4 35. axb4 Nxb4 36. Qg4 Rd2 37. Rg3 g6 38. h4 Be4 39. h5 Bxb1 40. hxg6
hxg6 41. Kh2 Be4 42. Qg5 Qf2 43. Qh4 Bxg2 0-1

[Event "Detroit (RVO/2)"]
[Site "?"]
[Date "1990.??.??"]
[Round "?"]
[White "Turner, P."]
[Black "Gaiffe, G."]
[Result "1-0"]
[WhiteElo "1795"]
[BlackElo "2080"]
[PlyCount "65"]
[EventDate "1990.??.??"]

1. e4 c5 2. Nf3 d6 3. d4 cxd4 4. Nxd4 Nf6 5. Nc3 a6 6. f4 e6 7. Be2 Qc7 8. Be3
Be7 9. O-O O-O 10. g4 Nc6 11. g5 Nd7 12. f5 Nxd4 13. Qxd4 Qd8 14. h4 b5 15. Rf2
Bb7 16. Raf1 e5 17. Qd2 Rc8 18. Nd5 Bxd5 19. exd5 f6 20. g6 hxg6 21. fxg6 f5
22. Rxf5 Bxh4 23. Bd3 Qe8 24. Qg2 Nf6 25. Bg5 Bxg5 26. Rxg5 Nd7 27. Bf5 Rxf5
28. Rfxf5 Nf6 29. Qh2 Rc7 30. Rf3 Qc8 31. Rh3 Kf8 32. Rh8+ Ng8 33. Qf2+ 1-0

[Event "Detroit (RVO/3)"]
[Site "?"]
[Date "1990.??.??"]
[Round "?"]
[White "Turner, P."]
[Black "Gabbara, Faris"]
[Result "0-1"]
[WhiteElo "1795"]
[BlackElo "2130"]
[PlyCount "140"]
[EventDate "1990.??.??"]

1. e4 e5 2. Nf3 Nf6 3. Nxe5 d6 4. Nf3 Nxe4 5. d4 d5 6. Bd3 Bd6 7. O-O O-O 8. c4
c6 9. Nc3 Nxc3 10. bxc3 dxc4 11. Bxc4 Bg4 12. Bd3 Qc7 13. Bxh7+ Kh8 14. Bc2
Bxh2+ 15. Kh1 Bf4 16. Qd3 f5 17. Bxf4 Qxf4 18. Ne5 Rf6 19. Kg1 Na6 20. Nxg4
Qxg4 21. Qh3+ Qxh3 22. gxh3 g6 23. Rfe1 Nc7 24. Rab1 b6 25. c4 Ne6 26. Rbd1 Rd8
27. d5 cxd5 28. cxd5 Nf4 29. Re3 Rxd5 30. Re8+ Kg7 31. Re7+ Kh6 32. Rxd5 Nxd5
33. Rxa7 Rc6 34. Bb3 Nf4 35. Kh2 Rc3 36. Rb7 Nxh3 37. Kg2 Nf4+ 38. Kh2 Rc6 39.
Kg3 Nd3 40. Bd5 Rd6 41. Bg8 g5 42. Re7 Nc5 43. Bc4 Ne4+ 44. Kg2 g4 45. Re6+ Kg5
46. Rxd6 Nxd6 47. Bd5 f4 48. Bc6 Kh4 49. Bd5 Nb5 50. Bc6 Nc3 51. a4 Ne2 52. Bb7
Nd4 53. Bc8 Nc6 54. Bb7 Ne5 55. Bd5 Kg5 56. Bb7 Kf6 57. Kf1 Ke7 58. Ke2 Kd6 59.
Ba6 Kc5 60. Bb5 Kd4 61. Be8 Nd3 62. Bd7 Nc5 63. Bxg4 Nxa4 64. Kf3 Ke5 65. Bh5
Nc3 66. Bg6 b5 67. Bd3 b4 68. Bc2 Nb5 69. Bb1 b3 70. Ke2 Nc3+ 0-1

[Event "Lansing (Jan)"]
[Site "?"]
[Date "1990.??.??"]
[Round "?"]
[White "Turner, P."]
[Black "Brooks, Brion"]
[Result "1-0"]
[WhiteElo "1725"]
[BlackElo "1685"]
[PlyCount "61"]
[EventDate "1990.??.??"]

1. e4 e6 2. d4 d5 3. Nc3 Bb4 4. e5 c5 5. Qg4 Ne7 6. Qxg7 Rg8 7. Qxh7 cxd4 8. a3
dxc3 9. axb4 Qc7 10. f4 Nbc6 11. bxc3 Nxb4 12. Bb5+ Bd7 13. Bxd7+ Kxd7 14. Bd2
Rh8 15. Qxf7 Nxc2+ 16. Kd1 Nxa1 17. f5 Raf8 18. Qxe6+ Ke8 19. f6 Rf7 20. Nf3
Qc6 21. Qg4 Rg8 22. Ng5 Ng6 23. Nxf7 Kxf7 24. Re1 Nxe5 25. Qh5+ Rg6 26. Rxe5
Qa4+ 27. Ke2 Qc4+ 28. Kf2 Qc5+ 29. Be3 Qxc3 30. Qh7+ Kxf6 31. Qe7# 1-0

[Event "Detroit (MCO/2/24)"]
[Site "?"]
[Date "1990.??.??"]
[Round "?"]
[White "Turner, Keita"]
[Black "Smith, Ri"]
[Result "1-0"]
[WhiteElo "1665"]
[BlackElo "1605"]
[PlyCount "66"]
[EventDate "1990.??.??"]

{2/(24)} 1. e4 g6 2. d4 Bg7 3. Nf3 Nc6 4. Bc4 Nf6 5. e5 Nh5 6. g4 d5 7. gxh5
dxc4 8. h6 Bg4 9. hxg7 Rg8 10. c3 Qd5 11. Nbd2 Rxg7 12. Qe2 b5 13. Rg1 h5 14.
Rg3 b4 15. Qxc4 Qxc4 16. Nxc4 Rd8 17. Bg5 bxc3 18. bxc3 f5 19. exf6 Rf7 20.
Nfe5 Rf8 21. Nxc6 Rd5 22. Re3 e6 23. N4e5 Bf5 24. Re2 Bd3 25. Nxd3 Rxg5 26. f7+
Rxf7 27. Kd2 Rg4 28. Nde5 Rgf4 29. Nxf7 Rxf7 30. Rxe6+ Kd7 31. Re7+ Rxe7 32.
Nxe7 Kxe7 33. Re1+ Kf8 {[1-0, 47?]} 1-0

[Event "Detroit (MOR/4/45)"]
[Site "?"]
[Date "1990.??.??"]
[Round "?"]
[White "Turner, Keita"]
[Black "Moore, H."]
[Result "1/2-1/2"]
[WhiteElo "1605"]
[BlackElo "1605"]
[PlyCount "98"]
[EventDate "1990.??.??"]

{4/(45)} 1. e4 g6 2. Nf3 Bg7 3. d4 d6 4. Bc4 e6 5. Nc3 Nd7 6. O-O Nb6 7. Bb3
Bd7 8. a4 a5 9. Re1 Ne7 10. Bf4 O-O 11. Qd2 d5 12. e5 Nf5 13. Ne2 Rc8 14. Ng3
Nxg3 15. hxg3 c5 16. Bh6 f6 17. Bxg7 Kxg7 18. c3 Nc4 19. Bxc4 dxc4 20. d5 exd5
21. Qxd5 Bc6 22. exf6+ Qxf6 23. Qe5 Bxf3 24. gxf3 Qxe5 25. Rxe5 Rxf3 26. Re7+
Rf7 27. Rae1 Rd8 28. R1e5 Kf8 29. Rxf7+ Kxf7 30. Rxc5 Rd2 31. Rc7+ Kg8 32. Rxb7
Rd1+ 33. Kg2 Ra1 34. b4 cxb3 35. Rxb3 Rxa4 36. Rb7 Rc4 37. Ra7 a4 38. f4 h5 39.
Kh3 Re4 40. Kh4 Rc4 41. Ra6 Kf7 42. Ra7+ Kf6 43. Ra6+ Kf5 44. Ra5+ Ke4 45. Ra6
Kf5 46. Ra5+ Ke4 47. Rg5 Rc6 48. Ra5 Kd3 49. Rxa4 Kxc3 1/2-1/2

[Event "Detroit (MOR/7/15)"]
[Site "?"]
[Date "1990.??.??"]
[Round "?"]
[White "Turner, Keita"]
[Black "Mohammed, Azziem"]
[Result "1-0"]
[WhiteElo "1605"]
[BlackElo "1675"]
[PlyCount "46"]
[EventDate "1990.??.??"]

{7/(15)} 1. e4 g6 2. Nc3 Bg7 3. Bc4 Nc6 4. Nf3 e6 5. d4 Na5 6. Bd3 d5 7. e5 h6
8. Be3 Ne7 9. b3 Nf5 10. Bf4 Nc6 11. Bxf5 gxf5 12. Qd2 Ne7 13. Rg1 Ng6 14. g4
fxg4 15. Rxg4 Bf8 16. a3 Qe7 17. h3 Nxf4 18. Qxf4 Bd7 19. Qd2 h5 20. Rg3 O-O-O
21. Qg5 Qxg5 22. Nxg5 Be8 23. Rf3 Rg8 {[Remainder of scoresheet illegible]} 1-0

[Event "Detroit (MCO/4/15)"]
[Site "?"]
[Date "1990.??.??"]
[Round "?"]
[White "Turner, Keita"]
[Black "Johnson, H."]
[Result "0-1"]
[WhiteElo "1665"]
[BlackElo "1865"]
[PlyCount "28"]
[EventDate "1990.??.??"]

{4/(15)} 1. e4 g6 2. d4 Bg7 3. Nf3 c5 4. c3 cxd4 5. cxd4 d6 6. Bc4 Nf6 7. Nc3
Nc6 8. h3 a6 9. a3 Qa5 10. O-O O-O 11. Qb3 Qh5 12. Ne2 Na5 13. Qc2 Nxc4 14. g4
Bxg4 {[0-1, 24?]} 0-1

[Event "Detroit (MOR/2/43)"]
[Site "?"]
[Date "1990.??.??"]
[Round "?"]
[White "Turner, Keita"]
[Black "Carpenter, O."]
[Result "1-0"]
[WhiteElo "1605"]
[BlackElo "1605"]
[PlyCount "57"]
[EventDate "1990.??.??"]

{2/(43)} 1. e4 c6 2. d4 d5 3. Nc3 g6 4. Nf3 Bg7 5. Bd3 Nf6 6. O-O O-O 7. e5 Ne8
8. Re1 e6 9. Bf4 Qb6 10. Na4 Qd8 11. Qd2 Nd7 12. Bh6 b5 13. Bxg7 Nxg7 14. Nc5
Nxc5 15. dxc5 f6 16. Qh6 Qe7 17. Re3 Bd7 18. g4 Ne8 19. Rae1 Qg7 20. Qxg7+ Kxg7
21. exf6+ Nxf6 22. Ne5 Be8 23. g5 Nh5 24. Nf3 Bd7 25. Nd4 Rae8 26. Nxe6+ Bxe6
27. Rxe6 Rxe6 28. Rxe6 Rc8 29. Re7+ 1-0

[Event "Detroit (RVO/4)"]
[Site "?"]
[Date "1990.??.??"]
[Round "?"]
[White "Turner, Keita"]
[Black "Butler, E."]
[Result "1/2-1/2"]
[WhiteElo "1690"]
[BlackElo "2140"]
[PlyCount "117"]
[EventDate "1990.??.??"]

1. e4 c5 2. Nf3 d6 3. d4 cxd4 4. Nxd4 Nf6 5. Nc3 g6 6. f4 Qa5 7. Bd2 Qb6 8. Nf3
Bg7 9. Bc4 O-O 10. Qe2 Nc6 11. h3 Nh5 12. Na4 Qd8 13. Qf2 Na5 14. Bd3 Bd7 15.
Nc3 b5 16. g4 Nf6 17. e5 dxe5 18. fxe5 Ne8 19. Rd1 Nc4 20. Qe2 Nxb2 21. Rb1
Nxd3+ 22. Qxd3 Nc7 23. Bf4 Bc6 24. Qe2 Nd5 25. Nxd5 Qxd5 26. O-O Rad8 27. c3
Qd3 28. Qxd3 Rxd3 29. Nd4 Rxc3 30. Nxc6 Rxc6 31. Rxb5 Ra6 32. Rb2 f6 33. exf6
Raxf6 34. Rbf2 e5 35. Be3 Rxf2 36. Rxf2 Rxf2 37. Kxf2 a6 38. Kf3 Kf7 39. Ke4
Ke6 40. Bd2 Bf8 41. Bc3 Bd6 42. a4 Bc7 43. Bb2 Kf6 44. Bc1 Bb6 45. Bd2 Bd4 46.
Kd5 h5 47. Ke4 hxg4 48. hxg4 Ke6 49. Bb4 Kf6 50. Bd2 Bf2 51. Kf3 Bh4 52. Ke4
Bg5 53. Ba5 Bf4 54. Bd8+ Ke6 55. Ba5 Kd6 56. Be1 Kc5 57. Bc3 Kd6 58. Be1 Ke6
59. Bh4 1/2-1/2

[Event "Detroit (MCO/5/19)"]
[Site "?"]
[Date "1990.??.??"]
[Round "?"]
[White "Turner, Keita"]
[Black "Bemben, R."]
[Result "1-0"]
[WhiteElo "1665"]
[BlackElo "1895"]
[PlyCount "52"]
[EventDate "1990.??.??"]

{5/(19)} 1. e4 c6 2. d4 d5 3. Nc3 dxe4 4. Nxe4 Nd7 5. Bc4 Ngf6 6. Qe2 Nxe4 7.
Qxe4 Nf6 8. Qd3 Bg4 9. Qb3 e6 10. Qxb7 Qc8 11. Ba6 e5 12. dxe5 Nd5 13. a3 Bc5
14. h3 O-O 15. hxg4 Qxg4 16. Bd3 f5 17. Rh2 Qd4 18. g3 Qxe5+ 19. Ne2 Rac8 20.
c3 Bb6 21. Qa6 Rce8 22. Qc4 Re6 23. Bf4 Nxf4 24. Qxf4 Qxf4 25. gxf4 Rd6 26.
O-O-O g6 1-0

[Event "Detroit (RVO/5)"]
[Site "?"]
[Date "1990.??.??"]
[Round "?"]
[White "Turner, George"]
[Black "Wilson, Vester"]
[Result "1-0"]
[WhiteElo "2075"]
[BlackElo "2060"]
[PlyCount "119"]
[EventDate "1990.??.??"]

1. d4 d5 2. e3 c6 3. c4 Bf5 4. Nc3 e6 5. Bd3 dxc4 6. Bxc4 Nf6 7. Nf3 Bd6 8. O-O
Nbd7 9. Bd3 Bg4 10. h3 Bh5 11. e4 e5 12. Be3 Qe7 13. Re1 O-O 14. g4 Bg6 15. Qd2
Bb4 16. Qc2 Qe6 17. Kh1 h5 18. dxe5 hxg4 19. Nh4 Nxe5 20. Nxg6 Nxg6 21. Rg1
Bxc3 22. bxc3 Rfe8 23. Rg3 Ne5 24. Be2 Nc4 25. Bd4 Na3 26. Qa4 Qxe4+ 27. Bf3
gxf3 28. Bxf6 Qxa4 29. Rxg7+ Kh8 30. Rag1 Qh4 31. Bxh4 Rg8 32. Bf6 Rxg7 33.
Rxg7 b6 34. Rxf7+ Kg8 35. Rg7+ Kf8 36. Rh7 Re8 37. Rh8+ Kf7 38. Rxe8 Kxe8 39.
Kh2 Kf7 40. Bh8 Kg8 41. Be5 Nc4 42. Bb8 a6 43. Kg3 Nd2 44. Kf4 Nb1 45. Be5 Nd2
46. Ke3 Nc4+ 47. Kd4 Na3 48. Ke4 Nc4 49. Bf4 Kf7 50. Kxf3 Ke6 51. Ke4 c5 52. h4
b5 53. h5 Nb6 54. h6 Nd5 55. Be5 Nf6+ 56. Bxf6 Kxf6 57. Kd5 c4 58. Kc5 Kg6 59.
a3 Kxh6 60. Kb6 1-0

[Event "Detroit (RVO/3)"]
[Site "?"]
[Date "1990.??.??"]
[Round "?"]
[White "Turner, George"]
[Black "Williams, Ron"]
[Result "1-0"]
[WhiteElo "2075"]
[BlackElo "1605"]
[PlyCount "87"]
[EventDate "1990.??.??"]

1. d4 Nf6 2. c4 g6 3. Nc3 Bg7 4. e4 d6 5. Be2 O-O 6. Nf3 Re8 7. O-O Kh8 8. Bf4
Nh5 9. Ng5 Kg8 10. Bxh5 f6 11. Nf3 gxh5 12. h3 e5 13. Be3 Qe7 14. Nh4 Qf7 15.
f4 exd4 16. Bxd4 Qxc4 17. Nd5 Na6 18. b3 Qc6 19. Qxh5 Be6 20. Nxf6+ Bxf6 21.
Bxf6 Qc5+ 22. Qxc5 Nxc5 23. Rae1 Kf7 24. Bd4 Nd3 25. Re3 Nb4 26. Rf2 Rg8 27. g4
Nc6 28. Bb2 Raf8 29. Nf5 Bxf5 30. exf5 Re8 31. Rfe2 Rxe3 32. Rxe3 Re8 33. Rxe8
Kxe8 34. Kg2 Nb4 35. Kf3 Nxa2 36. g5 Kf7 37. Kg4 Nb4 38. Kh5 Nd5 39. g6+ hxg6+
40. fxg6+ Kg8 41. Kg4 Ne7 42. h4 c5 43. h5 d5 44. Bf6 1-0

[Event "Detroit (MCO/1/10)"]
[Site "?"]
[Date "1990.??.??"]
[Round "?"]
[White "Turner, George"]
[Black "Miller, Dan"]
[Result "1-0"]
[WhiteElo "2100"]
[BlackElo "1605"]
[PlyCount "51"]
[EventDate "1990.??.??"]

{1/(10)} 1. d4 d5 2. c4 e6 3. Nc3 Nf6 4. Nf3 c5 5. e3 Be7 6. Bd3 Nc6 7. O-O O-O
8. a3 b6 9. Qd2 Bb7 10. cxd5 Nxd5 11. Rd1 Bf6 12. Nxd5 Qxd5 13. e4 Qd7 14. dxc5
bxc5 15. e5 Bxe5 16. Bxh7+ Kxh7 17. Qc2+ g6 18. Rxd7 Rab8 19. Qe4 Bf6 20. Rxb7
Rfd8 21. Rxf7+ Bg7 22. Bh6 Rg8 23. Qh4 g5 24. Qxg5 Rxb2 25. Rxg7+ Rxg7 26.
Qxg7# 1-0

[Event "Detroit (MCO/5/9)"]
[Site "?"]
[Date "1990.??.??"]
[Round "?"]
[White "Turner, George"]
[Black "Golonka, Stan"]
[Result "0-1"]
[WhiteElo "2100"]
[BlackElo "1930"]
[PlyCount "102"]
[EventDate "1990.??.??"]

{5/(9)} 1. d4 Nf6 2. c4 c5 3. d5 e6 4. Nc3 exd5 5. Nxd5 Nxd5 6. Qxd5 Be7 7. g3
Nc6 8. Nf3 O-O 9. Bg2 d6 10. a3 Be6 11. Qd3 Bf6 12. O-O Na5 13. Nd2 Rb8 14. a4
a6 15. Bd5 Bh3 16. Rd1 Re8 17. Ne4 Nc6 18. Bd2 Ne5 19. Qe3 b5 20. axb5 axb5 21.
cxb5 Rxb5 22. Ra8 Rb8 23. Rxb8 Qxb8 24. Nxf6+ gxf6 25. Qh6 Be6 26. Qxf6 Qxb2
27. Qg5+ Ng6 28. Bxe6 Rxe6 29. h4 Qe5 30. h5 Qxg5 31. Bxg5 Ne5 32. Bf4 Kg7 33.
Rxd6 Kf6 34. Rxe6+ Kxe6 35. Bxe5 Kxe5 36. Kf1 Ke4 37. f4 f5 38. Ke1 Ke3 39. Kd1
Kf2 40. Kd2 Kxg3 41. e3 Kf3 42. h6 c4 43. Kc3 Kxe3 44. Kxc4 Kxf4 45. Kd4 Kg5
46. Ke5 f4 47. Ke4 Kg4 48. Ke5 f3 49. Kf6 f2 50. Kg7 f1=Q 51. Kxh7 Qf6 0-1

[Event "Detroit (RVO/1)"]
[Site "?"]
[Date "1990.??.??"]
[Round "?"]
[White "Turner, George"]
[Black "Asbury, Victor"]
[Result "1-0"]
[WhiteElo "2075"]
[BlackElo "1640"]
[PlyCount "51"]
[EventDate "1990.??.??"]

1. d4 Nf6 2. c4 c5 3. d5 g6 4. Nc3 Bg7 5. e4 O-O 6. Bd3 d6 7. h3 Ne8 8. Nf3 f5
9. exf5 Bxf5 10. O-O Qd7 11. Ng5 Nc7 12. Re1 h6 13. Ne6 Nxe6 14. Bxf5 Rxf5 15.
Rxe6 Kh7 16. Qe2 Be5 17. Qg4 Qe8 18. Qh4 Bf6 19. Qxh6+ Kg8 20. Ne4 Nd7 21. Nxd6
Rh5 22. Nxe8 Rxh6 23. Nxf6+ exf6 24. Bxh6 Kf7 25. Rae1 Ne5 26. f4 1-0

[Event "Detroit (MI Op/7/21)"]
[Site "?"]
[Date "1990.??.??"]
[Round "?"]
[White "Turner, Darrell"]
[Black "Yahkind, Alex"]
[Result "1-0"]
[WhiteElo "1865"]
[BlackElo "2065"]
[PlyCount "75"]
[EventDate "1990.??.??"]

{7/(21)} 1. d4 f5 2. c4 Nf6 3. Nc3 e6 4. g3 Be7 5. Bg2 O-O 6. Bg5 d6 7. e3 h6
8. Bxf6 Bxf6 9. Nge2 c6 10. Qb3 Kh8 11. Rd1 Qe8 12. O-O e5 13. dxe5 dxe5 14.
Rd2 Be6 15. Qxb7 Nd7 16. Bxc6 Rb8 17. Qxa7 Rf7 18. Rfd1 Nf8 19. Bxe8 Rxa7 20.
Bb5 g5 21. b3 Rg7 22. Nd5 Bxd5 23. Rxd5 f4 24. Rd6 Be7 25. Rxh6+ Kg8 26. Bc6
Ng6 27. Bd5+ Kf8 28. Be4 Kf7 29. Rxg6 Rxg6 30. Bxg6+ Kxg6 31. exf4 gxf4 32.
gxf4 e4 33. Ng3 Rf8 34. f5+ Kg5 35. Rd7 Bb4 36. Rd5 Kf4 37. f6 e3 38. Rf5+ 1-0

[Event "Detroit (MI Op/3/45)"]
[Site "?"]
[Date "1990.??.??"]
[Round "?"]
[White "Turner, Darrell"]
[Black "Roberts, Kenneth"]
[Result "1-0"]
[WhiteElo "1865"]
[BlackElo "1790"]
[PlyCount "63"]
[EventDate "1990.??.??"]

{3/(45)} 1. d4 Nf6 2. c4 e6 3. Nc3 b6 4. Nf3 Bb7 5. g3 Bb4 6. Bg2 O-O 7. O-O c5
8. d5 Bxc3 9. bxc3 exd5 10. Nh4 Re8 11. cxd5 d6 12. c4 Nbd7 13. Qc2 Ba6 14. Nf5
Ne5 15. Ne3 b5 16. cxb5 Bxb5 17. Re1 Bd7 18. Bb2 Nfg4 19. Nxg4 Bxg4 20. h3 Bh5
21. f4 Nd7 22. g4 Qe7 23. Qc3 Nf6 24. gxh5 Nxh5 25. Bf3 Nf6 26. e4 a5 27. e5
Qd7 28. exf6 Qxh3 29. Bg2 Qg4 30. Re7 a4 31. Rae1 Rxe7 32. fxe7 1-0

[Event "Detroit (MI Op/1a/17)"]
[Site "?"]
[Date "1990.??.??"]
[Round "?"]
[White "Turner, Darrell"]
[Black "Repkin, Victor"]
[Result "0-1"]
[WhiteElo "1865"]
[BlackElo "2125"]
[PlyCount "116"]
[EventDate "1990.??.??"]

1. d4 Nf6 2. c4 g6 3. Nc3 Bg7 4. e4 d6 5. f3 O-O 6. Be3 Nbd7 7. Nh3 e5 8. d5
Nh5 9. g4 Nf4 10. Nxf4 exf4 11. Bxf4 Ne5 12. Be2 f5 13. gxf5 gxf5 14. Qd2 Ng6
15. Bg5 Qe8 16. O-O-O f4 17. h4 h6 18. h5 hxg5 19. hxg6 Qxg6 20. Bd3 Be5 21.
Rh2 g4 22. fxg4 f3 23. Kc2 Bxh2 24. Qxh2 Bxg4 25. Rg1 Kf7 26. Qf4+ Ke7 27. Qxg4
Qxg4 28. Rxg4 Rg8 29. Rxg8 Rxg8 30. Nd1 Kf6 31. Kc3 Ke5 32. b4 Rg2 33. a4 Kf4
34. Kd4 Rd2 35. Ne3 Ra2 36. a5 Rb2 37. Nc2 f2 38. Kc3 Rb1 39. c5 f1=Q 40. Bxf1
Rxf1 41. cxd6 cxd6 42. Na3 Rf3+ 43. Kb2 Kxe4 44. Nb5 Kxd5 45. Nxa7 Kc4 46. b5
d5 47. b6 Rb3+ 48. Kc1 Kc3 49. Nc8 d4 50. Nd6 d3 51. Ne4+ Kd4 52. Nd6 Ke3 53.
Nf5+ Kf2 54. Kd2 Rb5 55. Nd6 Rxa5 56. Nxb7 Rd5 57. Kd1 Ke3 58. Nd8 Rxd8 0-1

[Event "Detroit (RVO/3)"]
[Site "?"]
[Date "1990.??.??"]
[Round "?"]
[White "Turner, Darrell"]
[Black "Pope, Nick"]
[Result "1-0"]
[WhiteElo "1870"]
[BlackElo "1605"]
[PlyCount "27"]
[EventDate "1990.??.??"]

1. d4 d5 2. e4 dxe4 3. f3 Nf6 4. Nc3 exf3 5. Nxf3 e6 6. Bd3 c6 7. O-O Be7 8.
Qe1 Nbd7 9. Bf4 Nd5 10. Nxd5 cxd5 11. Qg3 Nf6 12. Ne5 a6 13. Qxg7 Rg8 14. Qxf7#
1-0

[Event "Detroit (MI Op/6/27)"]
[Site "?"]
[Date "1990.??.??"]
[Round "?"]
[White "Turner, Darrell"]
[Black "Golonka, Stan"]
[Result "1-0"]
[WhiteElo "1865"]
[BlackElo "1955"]
[PlyCount "53"]
[EventDate "1990.??.??"]

{6/(27)} 1. d4 c5 2. d5 d6 3. c4 e5 4. Nc3 Nf6 5. e4 Be7 6. Be2 O-O 7. Nf3 Na6
8. O-O Rb8 9. Nd2 Nd7 10. a3 Nc7 11. Bd3 a6 12. a4 b6 13. Ra3 Ne8 14. Ne2 Bg5
15. Ng3 g6 16. Nf3 Be7 17. Ne1 Ng7 18. f4 exf4 19. Bxf4 Ne5 20. Be2 h5 21. Bxe5
dxe5 22. Bxh5 gxh5 23. Nxh5 f5 24. Nxg7 Kxg7 25. Rg3+ Kf6 26. Qh5 Rg8 27. Rxf5+
1-0

[Event "Detroit (RVO/4)"]
[Site "?"]
[Date "1990.??.??"]
[Round "?"]
[White "Tsemekhman, Vadim"]
[Black "Turner, George"]
[Result "0-1"]
[WhiteElo "2430"]
[BlackElo "2075"]
[PlyCount "100"]
[EventDate "1990.??.??"]

1. d4 Nf6 2. c4 g6 3. Nc3 Bg7 4. e4 d6 5. Be2 O-O 6. Bg5 h6 7. Bf4 c5 8. d5 Na6
9. Qd2 Kh7 10. f3 Nc7 11. g4 Nfe8 12. h4 a6 13. a4 Bd7 14. a5 Rb8 15. Bd3 e5
16. dxe6 Nxe6 17. Be3 b6 18. Nge2 Nd4 19. Bxd4 cxd4 20. Nd5 bxa5 21. Kf2 Nc7
22. Nxc7 Qxc7 23. Nf4 Kg8 24. Rab1 Bc6 25. Bc2 Rfe8 26. Rhg1 Rb4 27. Qd3 Ba8
28. b3 a4 29. Ra1 axb3 30. Bxb3 Reb8 31. Ra3 d5 32. Nxd5 Bxd5 33. cxd5 Qf4 34.
Bd1 Rb2+ 35. Be2 Rd2 36. Qxa6 Rbb2 37. Rg2 d3 38. Qxd3 Bd4+ 39. Kf1 Rxd3 40.
Rxd3 Qc1+ 41. Rd1 Qe3 42. Re1 Bc5 43. g5 hxg5 44. hxg5 Kg7 45. d6 Bxd6 46. Rd1
Bc5 47. Rd3 Rb1+ 48. Rd1 Rxd1+ 49. Bxd1 Qd3+ 50. Ke1 Bb4+ 0-1

[Event "Detroit (MCO/1/2)"]
[Site "?"]
[Date "1990.??.??"]
[Round "?"]
[White "Tsemekhman, Vadim"]
[Black "Steverson, Bunnard"]
[Result "1-0"]
[WhiteElo "2430"]
[BlackElo "1755"]
[PlyCount "57"]
[EventDate "1990.??.??"]

{1/(2)} 1. d4 d5 2. c4 c6 3. Nf3 Nf6 4. Nc3 e6 5. Bg5 Nbd7 6. e3 Be7 7. Qc2 O-O
8. O-O-O b6 9. Bd3 Bb7 10. Ne5 h6 11. h4 Nxe5 12. dxe5 Ng4 13. Bf4 Qc7 14. Qe2
Nxe5 15. Bb1 Bd6 16. g4 Nxc4 17. Bxd6 Qxd6 18. Qxc4 c5 19. Qd3 f5 20. gxf5 exf5
21. Rhg1 Rad8 22. Ne2 Qh2 23. Nf4 d4 24. Ne6 Be4 25. Qd2 dxe3 26. Rxg7+ Kh8 27.
Qxd8 Qb8 28. Rh7+ Kg8 29. Rdd7 1-0

[Event "Lansing (MI Inv/4)"]
[Site "?"]
[Date "1990.??.??"]
[Round "?"]
[White "Tsemekhman, Vadim"]
[Black "Rogers, Bradley"]
[Result "1-0"]
[WhiteElo "2325"]
[BlackElo "2225"]
[PlyCount "43"]
[EventDate "1990.??.??"]

1. d4 Nf6 2. c4 c5 3. d5 g6 4. Nc3 Bg7 5. e4 d6 6. f4 O-O 7. Bd3 Na6 8. Nf3 Nc7
9. O-O a6 10. a4 Rb8 11. h3 e6 12. dxe6 Bxe6 13. f5 gxf5 14. exf5 Bd7 15. g4 h6
16. Qe1 Bc6 17. Qh4 Nh7 18. f6 Nxf6 19. Bxh6 Re8 20. Bxg7 Kxg7 21. g5 Ng8 22.
Ne5 1-0

[Event "Lansing (Mini-Swiss.1/3)"]
[Site "?"]
[Date "1990.??.??"]
[Round "?"]
[White "Tsemekhman, Vadim"]
[Black "Noren, Kevin"]
[Result "1/2-1/2"]
[WhiteElo "2345"]
[BlackElo "2295"]
[PlyCount "36"]
[EventDate "1990.??.??"]

{1/(3)} 1. d4 Nf6 2. c4 g6 3. Nc3 Bg7 4. e4 d6 5. Nf3 O-O 6. Be2 e5 7. d5 a5 8.
Bg5 h6 9. Bh4 Na6 10. Nd2 Qe8 11. a3 Bd7 12. b3 Nh7 13. O-O h5 14. f3 Bh6 15.
Rb1 Be3+ 16. Bf2 Bxf2+ 17. Kxf2 Nc5 18. Qc2 Qe7 1/2-1/2

[Event "Detroit (MI Op/3/2)"]
[Site "?"]
[Date "1990.??.??"]
[Round "?"]
[White "Tsemekhman, Vadim"]
[Black "Mazuchowski, Tom"]
[Result "1/2-1/2"]
[WhiteElo "2350"]
[BlackElo "2185"]
[PlyCount "98"]
[EventDate "1990.??.??"]

{3/(2)} 1. d4 Nf6 2. c4 g6 3. Nc3 Bg7 4. e4 d6 5. Be2 O-O 6. Nf3 Bg4 7. Be3
Nfd7 8. Ng1 Bxe2 9. Ngxe2 c5 10. O-O cxd4 11. Bxd4 Nc6 12. Bxg7 Kxg7 13. Qd2 a6
14. b3 Nf6 15. Nd4 Rc8 16. Rad1 Qa5 17. Nxc6 Rxc6 18. Qb2 Qe5 19. f4 Qc5+ 20.
Kh1 b5 21. Nd5 bxc4 22. bxc4 Qa7 23. e5 Nxd5 24. cxd5 Rb6 25. Qd4 f6 26. exd6
exd6 27. Rfe1 Rb7 28. Qd3 Rb2 29. Rd2 Rfb8 30. Rxb2 Rxb2 31. Qc3 Qb7 32. h3 Rb1
33. Rxb1 Qxb1+ 34. Kh2 Qb7 35. Qc6 Qb4 36. Qd7+ Kh6 37. Kg3 Qe1+ 38. Kh2 Qb4
39. Qg4 Qc4 40. Qf3 Qxa2 41. Qc3 Qxd5 42. Qxf6 Qd2 43. Kg3 Qd5 44. Kh2 Qd2 45.
Kg3 Qd5 46. Qf8+ Kh5 47. Kh2 Qd2 48. Qf6 Kh6 49. Kg3 Qd5 1/2-1/2

[Event "Lansing (MI Inv/5)"]
[Site "?"]
[Date "1990.??.??"]
[Round "?"]
[White "Tsemekhman, Vadim"]
[Black "Mazuchowski, Tom"]
[Result "1-0"]
[WhiteElo "2325"]
[BlackElo "2240"]
[PlyCount "59"]
[EventDate "1990.??.??"]

1. d4 d5 2. c4 e6 3. Nc3 Bb4 4. a3 Bxc3+ 5. bxc3 Ne7 6. e3 a6 7. c5 Nbc6 8. f4
Nf5 9. Nf3 h5 10. Bd3 Nce7 11. O-O Bd7 12. a4 Bc6 13. Bd2 Qd7 14. Qe2 f6 15.
Bc2 Kf7 16. Be1 Rag8 17. Bf2 Ke8 18. Rfe1 Kd8 19. c4 g6 20. e4 dxe4 21. Bxe4 h4
22. Bxc6 Nxc6 23. d5 exd5 24. cxd5 Nb4 25. Qb2 Nxd5 26. Qxb7 c6 27. Qxa6 Nxf4
28. Rab1 Qc8 29. Rb7 Rg7 30. Qb6+ 1-0